| 000 | 00640nam a2200121Ia 4500 | ||
|---|---|---|---|
| 008 | 171212s9999 xx 000 0 und d | ||
| 020 | _a9781925022261 | ||
| 245 |
_ceditor Ball, Desmond;Tanter, Richard _aThe Tools of Owatatsumi _bJapan’s Ocean Surveillance and Coastal Defence Capabilities |
||
| 260 |
_bANU E Press _c2015 |
||
| 650 | _aBoundary disputes; Underwater surveillance -- Japan; Coast defenses -- Japan; Territorial waters -- Japan; Territorial waters -- China; United States -- Foreign relations -- Japan; Japan -- Foreign relations -- United States | ||
| 650 | _aTechnology | ||
| 856 | _uhttp://www.jstor.org/stable/j.ctt13wwvvt | ||
| 999 |
_c351392 _d351392 |
||